<?xml version="1.0" encoding="UTF-8"?>
<record
    xmlns:xsi="http://www.w3.org/2001/XMLSchema-instance"
    xsi:schemaLocation="http://www.loc.gov/MARC21/slim http://www.loc.gov/standards/marcxml/schema/MARC21slim.xsd"
    xmlns="http://www.loc.gov/MARC21/slim">

  <leader>03678nam a2200289 i 4500</leader>
  <controlfield tag="003">CSPC</controlfield>
  <controlfield tag="005">20260427160801.0</controlfield>
  <controlfield tag="008">251020s2024    ii a     a    001 0 eng d</controlfield>
  <datafield tag="020" ind1=" " ind2=" ">
    <subfield code="a">9788119365388</subfield>
  </datafield>
  <datafield tag="040" ind1=" " ind2=" ">
    <subfield code="a">CSPC</subfield>
    <subfield code="b">eng</subfield>
    <subfield code="c">CSPC</subfield>
    <subfield code="e">rda</subfield>
  </datafield>
  <datafield tag="050" ind1="0" ind2="0">
    <subfield code="a">TP371.2</subfield>
    <subfield code="b">.F663 2024</subfield>
  </datafield>
  <datafield tag="082" ind1="0" ind2="0">
    <subfield code="2">23</subfield>
    <subfield code="a">664.09</subfield>
    <subfield code="b">F739</subfield>
  </datafield>
  <datafield tag="245" ind1="0" ind2="0">
    <subfield code="a">Food processing and packaging /</subfield>
    <subfield code="c">edited by Anton Kuris.</subfield>
  </datafield>
  <datafield tag="264" ind1=" " ind2="1">
    <subfield code="a">New Delhi, India :</subfield>
    <subfield code="b">Discovery Publishing House,</subfield>
    <subfield code="c">2024.</subfield>
  </datafield>
  <datafield tag="300" ind1=" " ind2=" ">
    <subfield code="a">viii, 251 pages :</subfield>
    <subfield code="b">illustrations ;</subfield>
    <subfield code="c">24 cm.</subfield>
  </datafield>
  <datafield tag="336" ind1=" " ind2=" ">
    <subfield code="2">rdacontent</subfield>
    <subfield code="a">text</subfield>
  </datafield>
  <datafield tag="337" ind1=" " ind2=" ">
    <subfield code="2">rdamedia</subfield>
    <subfield code="a">unmediated</subfield>
  </datafield>
  <datafield tag="338" ind1=" " ind2=" ">
    <subfield code="2">rdacarrier</subfield>
    <subfield code="a">volume</subfield>
  </datafield>
  <datafield tag="504" ind1=" " ind2=" ">
    <subfield code="a">Includes bibliographical references and index.</subfield>
  </datafield>
  <datafield tag="505" ind1="0" ind2=" ">
    <subfield code="a">Introductory chapter: food processing preservation, and packaging - a brief overview -- Food preservation packaging -- Fresh mushroom preservation techniques -- Current trends of food analysis, safety, and packaging -- Flavoring and coating technologies for processing methods, packaging materials, and preservation of food -- Frost formation in frozen meat packaged with two plastic films (LDPE and PVC) -- A review on antimicrobial packaging for extending the shelf life of food -- Effects on vacuum and modified atmosphere packaging on the quality and shelf-life of gray tiggerfish (balistes capriscus) fillets -- Using nonotechnology for enhancing the shelf life of fruits -- Influence of nano-silica/chitosan film coating on the quality of 'Tommy Atkins' mango.</subfield>
  </datafield>
  <datafield tag="520" ind1=" " ind2=" ">
    <subfield code="a">"Food processing, preservation, and packaging form a multidisciplinary field that encompasses various scientific disciplines. Through food processing, raw ingredients are transformed into edible food or intermediate products. Preservation involves the handling and treatment of food to prevent spoilage caused by microbial growth, oxidation of fats, and deterioration of nutritional value, texture, and flavor. The presence of chemicals, microbes, and enzymes in food can lead to spoilage if proper processing and preservation methods are not employed. Additionally, the transportation of food from one location to another introduces risks of food deterioration, loss of quality, morphological changes, and reduced nutritional value. Therefore, it is crucial to focus on food processing and preservation techniques to achieve a longer shelf life, quality stability, intact morphological properties, and preserved taste.
&#x201C;The Food Processing and Packaging&#x201D; book delves into the physical and microbial effects of processing and packaging steps on the overall public health impact of foods, encompassing food safety, quality, and nutrition. The research presented in this book focuses on various aspects of food processing, including pasteurization, extended shelf life, and sterilization. It provides a comprehensive overview of food processing and preservation packaging, addressing the challenges associated with food safety, nutritional security, and sustainability.
This book serves as a valuable resource for students, researchers, and professionals involved in food processing and preservation. It highlights the advancements in food processing and packaging systems that aim to enhance food quality, extend shelf life, and reduce waste generation. By exploring innovative techniques, it contributes tot he preservation of food products while ensuring their safety and nutritional value"-- Back cover.</subfield>
  </datafield>
  <datafield tag="650" ind1=" " ind2="0">
    <subfield code="a">Food</subfield>
    <subfield code="x">Preservation.</subfield>
  </datafield>
  <datafield tag="650" ind1=" " ind2="0">
    <subfield code="a">Food</subfield>
    <subfield code="x">Packaging.</subfield>
  </datafield>
  <datafield tag="700" ind1="1" ind2=" ">
    <subfield code="a">Kuris, Anton,</subfield>
    <subfield code="e">editor.</subfield>
  </datafield>
  <datafield tag="942" ind1=" " ind2=" ">
    <subfield code="2">ddc</subfield>
    <subfield code="n">0</subfield>
    <subfield code="c">BK</subfield>
    <subfield code="e">23</subfield>
    <subfield code="h">664.09</subfield>
    <subfield code="i">F739</subfield>
    <subfield code="k">CIR</subfield>
    <subfield code="m">2024</subfield>
  </datafield>
  <datafield tag="952" ind1=" " ind2=" ">
    <subfield code="0">0</subfield>
    <subfield code="1">0</subfield>
    <subfield code="2">ddc</subfield>
    <subfield code="4">0</subfield>
    <subfield code="7">0</subfield>
    <subfield code="a">CSPC</subfield>
    <subfield code="b">CSPC</subfield>
    <subfield code="c">CIR</subfield>
    <subfield code="d">2025-10-20</subfield>
    <subfield code="l">0</subfield>
    <subfield code="o">CIR 664.09 F739 2024</subfield>
    <subfield code="p">030504</subfield>
    <subfield code="r">2025-10-20 10:43:26</subfield>
    <subfield code="t">1-4</subfield>
    <subfield code="w">2025-10-20</subfield>
    <subfield code="y">BK</subfield>
  </datafield>
  <datafield tag="952" ind1=" " ind2=" ">
    <subfield code="0">0</subfield>
    <subfield code="1">0</subfield>
    <subfield code="2">ddc</subfield>
    <subfield code="4">0</subfield>
    <subfield code="7">0</subfield>
    <subfield code="a">CSPC</subfield>
    <subfield code="b">CSPC</subfield>
    <subfield code="c">CIR</subfield>
    <subfield code="d">2025-10-20</subfield>
    <subfield code="l">0</subfield>
    <subfield code="o">CIR 664.09 F739 2024</subfield>
    <subfield code="p">030505</subfield>
    <subfield code="r">2025-10-20 10:43:26</subfield>
    <subfield code="t">2-4</subfield>
    <subfield code="w">2025-10-20</subfield>
    <subfield code="y">BK</subfield>
  </datafield>
  <datafield tag="952" ind1=" " ind2=" ">
    <subfield code="0">0</subfield>
    <subfield code="1">0</subfield>
    <subfield code="2">ddc</subfield>
    <subfield code="4">0</subfield>
    <subfield code="7">0</subfield>
    <subfield code="a">CSPC</subfield>
    <subfield code="b">CSPC</subfield>
    <subfield code="c">CIR</subfield>
    <subfield code="d">2026-04-23</subfield>
    <subfield code="l">0</subfield>
    <subfield code="o">CIR 664.09 F739 2024</subfield>
    <subfield code="p">031708</subfield>
    <subfield code="r">2026-04-23 12:53:18</subfield>
    <subfield code="t">3-4</subfield>
    <subfield code="w">2026-04-23</subfield>
    <subfield code="y">BK</subfield>
  </datafield>
  <datafield tag="952" ind1=" " ind2=" ">
    <subfield code="0">0</subfield>
    <subfield code="1">0</subfield>
    <subfield code="2">ddc</subfield>
    <subfield code="4">0</subfield>
    <subfield code="7">0</subfield>
    <subfield code="a">CSPC</subfield>
    <subfield code="b">CSPC</subfield>
    <subfield code="c">CIR</subfield>
    <subfield code="d">2026-04-23</subfield>
    <subfield code="l">0</subfield>
    <subfield code="o">CIR 664.09 F739 2024</subfield>
    <subfield code="p">031709</subfield>
    <subfield code="r">2026-04-23 12:53:18</subfield>
    <subfield code="t">4-4</subfield>
    <subfield code="w">2026-04-23</subfield>
    <subfield code="y">BK</subfield>
  </datafield>
  <datafield tag="999" ind1=" " ind2=" ">
    <subfield code="c">30756</subfield>
    <subfield code="d">30756</subfield>
  </datafield>
</record>
